LEADER 01243nam0 2200289 450 001 000017517 005 20081014121249.0 010 $a0898712629 100 $a20081014d1990----km-y0itay50------ba 101 0 $aeng 102 $aUS 105 $ay-------101yy 200 1 $aProceedings of the fourth SIAM conference on parallel processing for scientific computing$e[Chicago, Illinois, December 11-13, 1989]$fedited by Jack Dongarra ... [et al.] 215 $aPhiladelphia$cSociety for industrial and applied mathematics$dc1990 215 $a454 p.$cill.$d26 cm 225 2 $aSIAM proceedings series 410 0$12001$aSIAM proceedings series 517 1 $aParallel processing for scientific computing 610 1 $aElaborazione parallela dei dati$aApplicazioni 676 $a004.35$v19$9Modi di elaborazione dei dati. Multielaborazione 702 1$aDongarra,$bJack J. 710 12$aSIAM conference on parallel processing for scientific computing$d<4. ;$f1989 ;$eChicago>$0285122 801 0$aIT$bUNIPARTHENOPE$c20081014$gRICA$2UNIMARC 912 $a000017517 951 $aM 004.35/13$bM 1077$cDSA$d2008 996 $aProceedings of the fourth SIAM conference on parallel processing for scientific computing$9383090 997 $aUNIPARTHENOPE